| 000 | 00700nam a22002417a 4500 | ||
|---|---|---|---|
| 005 | 20170124110237.0 | ||
| 010 | _aA-411211 | ||
| 020 |
_c00.00 _a0719547490 |
||
| 035 | _aA-411211 | ||
| 037 | _bCen Lib/Ret | ||
| 040 |
_aDPL _bEN |
||
| 082 |
_a181.499 _bLUT |
||
| 100 |
_aLutyens, Mary _942247 |
||
| 245 |
_aThe life and death of Krishnamurti / _cby Mary Lutyens |
||
| 246 | _b | ||
| 260 |
_bJohn Murray _c1990 _aLondon |
||
| 270 |
_a50 Albemarle Street _bLondon |
||
| 300 |
_axvi,235p. : _c22cm(Hb) _bill. |
||
| 500 | _aIncludes index | ||
| 650 |
_aKrishnamurti, J. -- (Jiddu), -- 1895-1986 _938077 |
||
| 650 |
_aPhilosophers _920153 |
||
| 942 |
_2ddc _cEN _h181.499 _mLUT |
||
| 999 |
_c134953 _d134953 |
||